书目信息 |
| 题名: |
现代处世智谋
|
|
| 作者: | 李延 著 | |
| 分册: | ||
| 出版信息: | 北京 大众文艺出版社 2004.10 |
|
| 页数: | 357页 | |
| 开本: | 21cm | |
| 丛书名: | ||
| 单 册: | ||
| 中图分类: | C912.1-49 | |
| 科图分类: | ||
| 主题词: | 人间关系 , 社会关系 | |
| 电子资源: | ||
| ISBN: | 7-80171-534-9 | |
| 000 | 00779nam0 2200229 450 | |
| 001 | 0155693573 | |
| 005 | 20050819141410.93 | |
| 010 | @a7-80171-534-9@d22.00CNY | |
| 100 | @a20050113d2004 km y0chiy0120 ea | |
| 101 | 0 | @achi |
| 102 | @aCN@b110000 | |
| 105 | @ay z 000yy | |
| 200 | 1 | @a现代处世智谋@Axian dai chu shi zhi mou@f李延著@Fli yan zhu |
| 210 | @a北京@c大众文艺出版社@d2004.10 | |
| 215 | @a357页@d21cm | |
| 330 | @a本书是立志类社科图书。作者引经据典,选用了古今中外诸多案例。从讲话,做事,到为人,处世。试图提供给读者一些积极,快乐,健康的生活观,和较为有效完成事情的方法,最终达到成功的目的。 | |
| 606 | 0 | @a人间关系 |
| 606 | 0 | @a社会关系 |
| 690 | @aC912.1-49@v4 | |
| 701 | 0 | @a李延@Ali yan@4著 |
| 801 | 0 | @aCN@bQSSK@c20050819 |
| 905 | @a10447@dC912.1-49@eL325 | |
| 现代处世智谋/李延著.-北京:大众文艺出版社,2004.10 |
| 357页;21cm |
| ISBN 7-80171-534-9:22.00CNY |
| 本书是立志类社科图书。作者引经据典,选用了古今中外诸多案例。从讲话,做事,到为人,处世。试图提供给读者一些积极,快乐,健康的生活观,和较为有效完成事情的方法,最终达到成功的目的。 |
| ● |
| 相关链接 |
|
|
|
正题名:现代处世智谋
索取号:C912.1-49/L325
 
预约/预借
| 序号 | 登录号 | 条形码 | 馆藏地/架位号 | 状态 | 备注 |
| 1 | 560608 | 205606085 | 社科库509/ [索取号:C912.1-49/L325] | 在馆 | |
| 2 | 560609 | 205606094 | 社科库509/509社科库 58排3列2层/ [索取号:C912.1-49/L325] | 在馆 | |
| 3 | 560610 | 205606101 | 社科库509/509社科库 58排3列2层/ [索取号:C912.1-49/L325] | 在馆 |